Paesi dell'Africa - 30 secondi sprint - Statistics

Statistiche generali
  • Questo quiz è stato fatto 611 volte
  • Il punteggio medio è 15 su 54
Risposte nella Mappa
Le risposte nella mappa del quiz sottostante sono codificate secondo una scala di colori dal rosso al verde in base alla % di persone che hanno risposto correttamente.
 
Statistiche sulle risposte
nazione % Corretto
Algeria
83%
Marocco
80%
Egitto
76%
Libia
75%
Tunisia
69%
Niger
52%
Sudan
50%
Mali
49%
Nigeria
48%
Rep Dem Congo
43%
Repubblica del Congo
43%
Etiopia
42%
Ciad
38%
Eritrea
37%
Somalia
37%
Sud Sudan
33%
Sudafrica
32%
Madagascar
31%
Mauritania
31%
Togo
31%
Angola
27%
Malawi
26%
Namibia
26%
Benin
25%
Kenya
21%
Burundi
20%
Ghana
20%
Gibuti
20%
Gabon
19%
Mozambico
19%
Ruanda
19%
Zambia
19%
Lesotho
18%
Tanzania
18%
Uganda
18%
Camerun
17%
Comoros
17%
Gambia
17%
Guinea
17%
Mauritius
17%
Cabo Verde
15%
Senegal
15%
Botswana
13%
Sao Tome e Principe
13%
Liberia
12%
Zimbabwe
11%
Côte d'Ivoire
10%
Burkina Faso
8%
Repubblica Centrafricana
8%
Seychelles
6%
Swaziland
6%
Sierra Leone
5%
Guinea-Bissau
2%
Guinea Equatoriale
0%
Nessun quiz corrispondente trovato
Distribuzione punteggi
Percentuale di utenti per punteggio
Percentile per numero di risposta
I tuoi punteggi nel tempo
Non hai fatto questo quiz